|
|
|
|
| LEADER |
00827cam a2200229 7i4500 |
| 001 |
0000005922 |
| 005 |
20170218090000.0 |
| 020 |
|
|
|a 9781858988320
|
| 020 |
|
|
|a 1858988322 (hbk.)
|
| 090 |
0 |
0 |
|a HD45
|b .S86 1998
|
| 100 |
1 |
|
|a Sundbo, Jon
|
| 245 |
1 |
4 |
|a The theory of innovation :
|b enterpreneurs, technology and strategy
|c Jon Sundbo.
|
| 260 |
|
|
|a Cheltenham:
|b Edward Elgar,
|c 1998.
|
| 300 |
|
|
|a ix, 220 p.:
|b ill.;
|c 24 cm.
|
| 490 |
0 |
|
|a New horizons in the economics of innovation
|
| 504 |
|
|
|a Includes bibliographical references and index
|
| 650 |
0 |
0 |
|a Strategic planning --
|x Management
|
| 650 |
0 |
0 |
|a Technological innovations --
|x Management
|
| 650 |
0 |
0 |
|a Entrepreneurship
|
| 997 |
|
|
|a Business & Accountancy, Faculty
|
| 998 |
|
|
|a Business Management, Degree
|
| 999 |
|
|
|a 0000003407
|b BOK
|c OPEN SHELF
|e 1st Floor, Shah Alam
|